Superheroes by Actor - Statistics

General Stats
  • This quiz has been taken 122 times
    113 since last reset
  • The average score is 12 of 14
Answer Stats
Actor/Actress Superhero % Correct
Chris Hemsworth Thor
96%
Andrew Garfield Spiderman
95%
Henry Cavill Superman
95%
Ben Affleck Batman
93%
Chris Evans Captain America
93%
Scarlett Johansson Black Widow
92%
Mark Ruffalo Hulk
91%
Gal Gadot Wonder Woman
90%
Ryan Reynolds Green Lantern / Deadpool
89%
Jason Momoa Aquaman
84%
Jeremy Renner Hawk Eye
83%
Grant Gustin Flash
74%
Charlie Cox Daredevil
59%
Burt Ward Robin
44%
No matching quizzes found
Score Distribution
Percent of People with Each Score
Percentile by Number Answered
Your Score History
You have not taken this quiz since the last reset